| 000 -LEADER |
| fixed length control field |
00833cam a2200265 4500 |
| 001 - CONTROL NUMBER |
| control field |
.b15705894 |
| 003 - CONTROL NUMBER IDENTIFIER |
| control field |
OCoLC |
| 005 - DATE AND TIME OF LATEST TRANSACTION |
| control field |
20230823084300.0 |
| 008 - FIXED-LENGTH DATA ELEMENTS--GENERAL INFORMATION |
| fixed length control field |
070429s2005 xxka j 000 0 eng d |
| 020 ## - INTERNATIONAL STANDARD BOOK NUMBER |
| International Standard Book Number |
9781405080668 |
| Terms of availability |
paperback |
| 040 ## - CATALOGING SOURCE |
| Original cataloging agency |
NTUTL |
| Transcribing agency |
NTUTL |
| Modifying agency |
YDXCP |
| -- |
KH8 |
| 082 #4 - DEWEY DECIMAL CLASSIFICATION NUMBER |
| Classification number |
823.914 CAB |
| 100 1# - MAIN ENTRY--PERSONAL NAME |
| Personal name |
Cabot, Meg, |
| Relator term |
author. |
| 245 14 - TITLE STATEMENT |
| Title |
The princess diaries : |
| Remainder of title |
Book 2 / |
| Statement of responsibility, etc. |
Meg Cabot. |
| 260 ## - PUBLICATION, DISTRIBUTION, ETC. |
| Place of publication, distribution, etc. |
Oxford : |
| Name of publisher, distributor, etc. |
Macmillan Heinemann ELT., |
| Date of publication, distribution, etc. |
c2005. |
| 300 ## - PHYSICAL DESCRIPTION |
| Extent |
2 v. : |
| Other physical details |
ill. ; |
| Dimensions |
20 cm |
| 440 #0 - SERIES STATEMENT/ADDED ENTRY--TITLE |
| Title |
Macmillan readers. |
| Number of part/section of a work |
3, |
| Name of part/section of a work |
Elementary level. |
| 650 #0 - SUBJECT ADDED ENTRY--TOPICAL TERM |
| Topical term or geographic name entry element |
Readers for new literates. |
| 650 #0 - SUBJECT ADDED ENTRY--TOPICAL TERM |
| Topical term or geographic name entry element |
English language |
| Form subdivision |
Textbooks for foreign speakers. |
| 655 #7 - INDEX TERM--GENRE/FORM |
| Genre/form data or focus term |
Readers |
| Source of term |
lcsh. |
| 655 #7 - INDEX TERM--GENRE/FORM |
| Genre/form data or focus term |
English language. |
| Source of term |
lcsh. |
| 700 1# - ADDED ENTRY--PERSONAL NAME |
| Personal name |
Collins, Anne, |
| Relator term |
author. |
| 700 1# - ADDED ENTRY--PERSONAL NAME |
| Personal name |
Donnelly, Karen, |
| Relator term |
illustrator. |
| 942 ## - ADDED ENTRY ELEMENTS (KOHA) |
| Source of classification or shelving scheme |
|
| Koha item type |
Teaching Resources |